00281nam a22001097a 4500008004100000020001800041041000800059080001600067100000700083101000700090245007400097181122b xxu||||| |||| 00| 0 eng d a9780226103891 aeng 214 tha370 a49 aED aThe Chicago Style The Essentials Guide For Writers cJoh.N